01660cam a22002775a 45000010009000000050017000090080041000260200042000670400103001090820019002122450107002312600063003383000035004014900052004365000024004885040041005125200499005536500039010526500036010916500033011276530021011607000034011819420008012159990017012239520142012401771832220160313134858.0130430t2013 flua frb 001 0 eng d a9781439891674 (hardback : alk. paper) aNLMbengerdacNLMdBTCTAdUKMGBdYDXCPdBWXdGZUdSTFdOCLCOdOBEdUWWdOCLCFdZWZdDLCdEG-ScBUE04a615.1222bCHE00aChemistry and pharmacology of naturally occurring bioactive compounds /cedited by Goutam Brahmachari. aBoca Raton :bCRC Press / Taylor & Francis Group,cc.2013. axxii, 562 p. :bill. ;c26 cm.0 aOrganic chemistry / natural products chemistry. aIndex : p. 551-562. aIncludes bibliographical references. a"Natural products play crucial roles in modern drug development and constitute a prolific source of novel lead compounds or pharmacophores for ongoing drug discovery programs. Chemistry and Pharmacology of Naturally Occurring Bioactive Compounds presents cutting-edge research in the chemistry of bioactive natural products and demonstrates how natural product research continues to make significant contributions in the discovery and development of new medicinal entities."--Page [4] of cover. 7aBioactive compounds.2BUEsh939013 7aNatural products.2BUEsh939012 0aBioorganic chemistry.2BUEsh bPPhrmcMarch20161 aBrahmachari, Goutam,eeditor. 2ddc c21382d21354 00102ddc40708ScientificaMAINbMAINc1STd2016-03-13ePurchaseg1350.00h2l0o615.1 CHEp000032011r2025-07-15 00:00:00v1690.00yBB